Vereinte Nationen
| 1. VerfasserIn: | |
|---|---|
| Medienart: | Druck Aufsatz |
| Sprache: | Deutsch Englisch |
| Veröffentlicht: |
1994
|
| In: |
Untersuchungshaft und Untersuchungshaftvollzug ; 2
Jahr: 1994, Seiten: 837 - 860 |
| Verfügbarkeit prüfen: | HBZ Gateway |
| Schlagwörter: | |
| Parallele Ausgabe: | Elektronisch
|
MARC
| LEADER | 00000caa a2200000 c 4500 | ||
|---|---|---|---|
| 001 | 1424861535 | ||
| 003 | DE-627 | ||
| 005 | 20250522204333.0 | ||
| 007 | tu | ||
| 008 | 111214s1994 xx ||||| 00| ||ger c | ||
| 035 | |a (DE-627)1424861535 | ||
| 035 | |a (DE-576)354861530 | ||
| 035 | |a (DE-599)BSZ354861530 | ||
| 040 | |a DE-627 |b ger |c DE-627 |e rakwb | ||
| 041 | |a ger |a eng | ||
| 100 | 1 | |a Neudek, Kurt |d 1935- |0 (DE-588)1145484220 |0 (DE-627)1006598073 |0 (DE-576)162364148 |4 aut | |
| 109 | |a Neudek, Kurt 1935- | ||
| 245 | 1 | 0 | |a Vereinte Nationen |c Kurt Neudek |
| 264 | 1 | |c 1994 | |
| 336 | |a Text |b txt |2 rdacontent | ||
| 337 | |a ohne Hilfsmittel zu benutzen |b n |2 rdamedia | ||
| 338 | |a Band |b nc |2 rdacarrier | ||
| 773 | 0 | 8 | |i In |t Untersuchungshaft und Untersuchungshaftvollzug ; 2 |d Freiburg i. Br. : Max-Planck-Inst. für Ausländisches und Internat. Strafrecht, 1994 |g (1994), Seite 837 - 860 |h VI S., S. 529 - 959 |w (DE-627)1112366318 |w (DE-576)042366313 |7 nnam |
| 773 | 1 | 8 | |g year:1994 |g pages:837 - 860 |
| 776 | 0 | 8 | |i Erscheint auch als |n Online-Ausgabe |a Neudek, Kurt, 1935 - |t Vereinte Nationen/United Nations |d 1994 |w (DE-627)1909111449 |k Electronic |
| 889 | |w (DE-576)455873402 | ||
| 889 | |w (DE-627)1525873407 | ||
| 935 | |a mkri | ||
| 951 | |a AR | ||
| ELC | |b 1 | ||
| LOK | |0 000 xxxxxcx a22 zn 4500 | ||
| LOK | |0 001 289933946X | ||
| LOK | |0 003 DE-627 | ||
| LOK | |0 004 1424861535 | ||
| LOK | |0 005 20260120102056 | ||
| LOK | |0 008 160208||||||||||||||||ger||||||| | ||
| LOK | |0 040 |a DE-21-110 |c DE-627 |d DE-21-110 | ||
| LOK | |0 689 |a s |a Strafvollzug | ||
| LOK | |0 689 |a k |a Vereinigte Nationen | ||
| LOK | |0 689 |a s |a Untersuchungshaftregeln | ||
| LOK | |0 689 |a k |a UN | ||
| LOK | |0 689 |a s |a Strafvollzugsregeln | ||
| LOK | |0 689 |a s |a Mindestgrundsätze | ||
| LOK | |0 852 |a DE-21-110 | ||
| LOK | |0 852 1 |m p |9 00 | ||
| LOK | |0 935 |a k110 | ||
| LOK | |0 938 |k p | ||
| LOK | |0 939 |a 08-02-16 |b l01 | ||
| ORI | |a SA-MARC-krimdoka001.raw | ||
